What the Bible really says : (Record no. 1813)
[ view plain ]
| 000 -LEADER | |
|---|---|
| fixed length control field | 01035nam a2200325 a 4500 |
| 001 - CONTROL NUMBER | |
| control field | 7924668 |
| 003 - CONTROL NUMBER IDENTIFIER | |
| control field | OSt |
| 005 - DATE AND TIME OF LATEST TRANSACTION | |
| control field | 20180921101344.0 |
| 008 - FIXED-LENGTH DATA ELEMENTS--GENERAL INFORMATION | |
| fixed length control field | 811016s1982 nyuab b 001 0 eng |
| 010 ## - LIBRARY OF CONGRESS CONTROL NUMBER | |
| LC control number | 81-18679 |
| 020 ## - INTERNATIONAL STANDARD BOOK NUMBER | |
| International Standard Book Number | 0688008216 |
| 020 ## - INTERNATIONAL STANDARD BOOK NUMBER | |
| International Standard Book Number | 0817460025 |
| 035 ## - SYSTEM CONTROL NUMBER | |
| System control number | 3049028 |
| 040 ## - CATALOGING SOURCE | |
| Original cataloging agency | DLC |
| Transcribing agency | DLC |
| Modifying agency | OSU |
| 041 1# - LANGUAGE CODE | |
| Language code of text/sound track or separate title | eng |
| Language code of original | ger |
| 082 ## - DEWEY DECIMAL CLASSIFICATION NUMBER | |
| Classification number | 220.6 |
| Item number | H866W |
| 090 ## - LOCALLY ASSIGNED LC-TYPE CALL NUMBER (OCLC); LOCAL CALL NUMBER (RLIN) | |
| Classification number (OCLC) (R) ; Classification number, CALL (RLIN) (NR) | BS514.2 |
| Local cutter number (OCLC) ; Book number/undivided call number, CALL (RLIN) | .H681 1982 |
| 090 00 - LOCALLY ASSIGNED LC-TYPE CALL NUMBER (OCLC); LOCAL CALL NUMBER (RLIN) | |
| Classification number (OCLC) (R) ; Classification number, CALL (RLIN) (NR) | BS514.2 |
| Local cutter number (OCLC) ; Book number/undivided call number, CALL (RLIN) | .H681 1982 |
| 100 1# - MAIN ENTRY--PERSONAL NAME | |
| Personal name | Howson, Mark |
| 245 10 - TITLE STATEMENT | |
| Title | What the Bible really says : |
| Remainder of title | casting new light on the Book of Books / |
| Statement of responsibility, etc. | Manfred Barthel ; translated and adapted by Mark Howson |
| 250 ## - EDITION STATEMENT | |
| Edition statement | 1st ed |
| 260 ## - PUBLICATION, DISTRIBUTION, ETC. | |
| Place of publication, distribution, etc. | New York : |
| Name of publisher, distributor, etc. | Morrow, |
| Date of publication, distribution, etc. | 1982 |
| 300 ## - PHYSICAL DESCRIPTION | |
| Extent | 413 p. : |
| Other physical details | ill., maps ; |
| Dimensions | 25 cm |
| 500 ## - GENERAL NOTE | |
| General note | Translation and adaptation of: Was wirklich in der Bibel steht / Manfred Barthel |
| 500 ## - GENERAL NOTE | |
| General note | Includes index |
| 504 ## - BIBLIOGRAPHY, ETC. NOTE | |
| Bibliography, etc. note | Bibliography: p. 397-399 |
| 630 00 - SUBJECT ADDED ENTRY--UNIFORM TITLE | |
| Uniform title | Bible |
| General subdivision | Criticism, interpretation, etc |
| 700 11 - ADDED ENTRY--PERSONAL NAME | |
| Personal name | Barthel, Manfred, |
| Dates associated with a name | 1924- |
| Title of a work | Was wirklich in der Bibel steht |
| 942 ## - ADDED ENTRY ELEMENTS (KOHA) | |
| Source of classification or shelving scheme | Dewey Decimal Classification |
| Koha item type | Books |
| Withdrawn status | Lost status | Source of classification or shelving scheme | Damaged status | Not for loan | Collection code | Home library | Current library | Shelving location | Date acquired | Cost, normal purchase price | Total Checkouts | Full call number | Barcode | Date last seen | Price effective from | Koha item type |
|---|---|---|---|---|---|---|---|---|---|---|---|---|---|---|---|---|
| Dewey Decimal Classification | Non-fiction | Harvest Mission College | Harvest Mission College | General Stacks | 21.09.2018 | 710.00 | 220.6 H866W | 001114 | 21.09.2018 | 21.09.2018 | Books |
